Countries: After H Quiz Stats

 Plays Quiz Updated Oct 27, 2017

Also try: Countries: After G
Challenge
Share
Tweet
Embed
Score 0/10 Timer 03:00
5 Plays Today
Letter after 'H' Name of Country % Correct
AHaiti
94.5%
ULithuania
84.6%
OHonduras
80.5%
ICzechia
77.3%
SSouth Sudan
66.7%
EBosnia and Herzegovina
65.9%
KNorth Korea
55.1%
RBahrain
41.4%
-Bangladesh
40.9%
TLiechtenstein
30.8%

You're not logged in!

Compare scores with friends on all Sporcle quizzes.
OR
Log In

You Might Also Like...

Show Comments

Extras

Top Quizzes Today


Score Distribution

Your Account Isn't Verified!

In order to create a playlist on Sporcle, you need to verify the email address you used during registration. Go to your Sporcle Settings to finish the process.

Report this User

Report this user for behavior that violates our Community Guidelines.

Details: